000 00310pam a2200133 a 4500
020 _c
041 _h
082 _a778
_bNAN
100 _aJiwesh Nandan .
245 _aMahakumbh A- Spiritual Journey
_hTextual Documents
260 _a[s.l]:
_bRupa & Co ,
_c2002.
300 _a104:
_bpaper.
930 _a5337
999 _c239127
_d239127